书目信息 |
| 题名: |
“东方马其诺防线”大揭秘
|
|
| 作者: | 周艾民 著 | |
| 分册: | 上 | |
| 出版信息: | 北京 中央编译出版社 2010 |
|
| 页数: | 181页 | |
| 开本: | 21cm | |
| 丛书名: | ||
| 单 册: | ||
| 中图分类: | K265.606 | |
| 科图分类: | ||
| 主题词: | 侵华事件--日本--史料 , 侵华事件 | |
| 电子资源: | ||
| ISBN: | 978-7-80109-979-2 | |
| 000 | 01139nam0 2200265 45 | |
| 001 | 1133545297 | |
| 005 | 20110413091012.92 | |
| 010 | @a978-7-80109-979-2@dCNY23.90(全2册47.80) | |
| 100 | @a20110406d2010 em y0chiy0110 ea | |
| 101 | 0 | @achi |
| 102 | @aCN@b110000 | |
| 105 | @aa z 000zy | |
| 106 | @ar | |
| 200 | 1 | @a“东方马其诺防线”大揭秘@A“ Dong Fang Ma Qi Nuo Fang Xian” Da Jie Mi@e侵华日军伪满洲国境要塞群实录@EQin Hua Ri Jun Wei Man Zhou Guo Jing Yao Sai Qun Shi Lu@h上@HShang@f周艾民著@FZhou Ai Min Zhu |
| 205 | @a2版 | |
| 210 | @a北京@c中央编译出版社@d2010 | |
| 215 | @a181页@c照片@d21cm | |
| 330 | @a本书引用了吉林省档案馆所藏的珍贵史料,还汇集了日本防卫厅防卫研究所图书馆所藏史料。全书共五章:被遗忘的军事要塞群;骇人听闻的要塞劳工遭遇;要塞慰安妇的灵与肉;突破“东方马其诺防线”;为了难忘却的历史。 | |
| 517 | 1 | @a侵华日军伪满洲国境要塞群实录@AQin Hua Ri Jun Wei Man Zhou Guo Jing Yao Sai Qun Shi Lu |
| 606 | 0 | @a侵华事件@y日本@j史料 |
| 606 | 0 | @a侵华事件 |
| 690 | @aK265.606@v4 | |
| 701 | 0 | @a周艾民@AZhou Ai Min@f(1956.3~)@4著 |
| 801 | 0 | @aCN@bTANGWEI@c20110413 |
| 905 | @b0534434-36@dK265.606@e102:1=2@f3 | |
| “东方马其诺防线”大揭秘:侵华日军伪满洲国境要塞群实录.上/周艾民著.-2版.-北京:中央编译出版社,2010 |
| 181页:照片;21cm |
| ISBN 978-7-80109-979-2:CNY23.90(全2册47.80) |
| 本书引用了吉林省档案馆所藏的珍贵史料,还汇集了日本防卫厅防卫研究所图书馆所藏史料。全书共五章:被遗忘的军事要塞群;骇人听闻的要塞劳工遭遇;要塞慰安妇的灵与肉;突破“东方马其诺防线”;为了难忘却的历史。 |
| ● |
| 相关链接 |
|
|
|
|
正题名:"东方马其诺防线"大揭秘
索取号:K265.606/102:1=2
 
预约/预借
| 序号 | 登录号 | 条形码 | 馆藏地/架位号 | 状态 | 备注 |
| 1 | 0534434 | 205344340 | 第二样本阅览室/ [索取号:K265.606/102:1=2] | 在馆 | |
| 2 | 0534435 | 205344359 | 第二借阅区/ [索取号:K265.606/102:1=2] | 在馆 | |
| 3 | 0534436 | 205344368 | 第二借阅区/ [索取号:K265.606/102:1=2] | 在馆 |